Khảo sát hoạt tính Enyme peroxidase và phenylalanine ammonia-lyase trong sự kích thích tính kháng bệnh vàng lùn trên cây lúa của clorua đồng và acid oxalic : Luận văn Thạc sĩ. Chuyên ngành : Bảo vệ thực vật
Đề tài nhằm chứng minh có sự gia tăng hoạt tính của các enzyme peroxidase và phenylalanine ammonia-lyase trong cây lúa đã được kích kháng sau khi bị rầy nâu truyền bệnh vàng lùn.
Gorde:
| Egile nagusia: | |
|---|---|
| Formatua: | Liburua |
| Hizkuntza: | Undetermined |
| Argitaratua: |
Cần Thơ
Trường đại học Cần Thơ
2010
|
| Gaiak: | |
| Etiketak: |
Etiketa erantsi
Etiketarik gabe, Izan zaitez lehena erregistro honi etiketa jartzen!
|
| Thư viện lưu trữ: | Trung tâm Học liệu Trường Đại học Cần Thơ |
|---|
| LEADER | 01294nam a2200229Ia 4500 | ||
|---|---|---|---|
| 001 | CTU_163445 | ||
| 008 | 210402s9999 xx 000 0 und d | ||
| 082 | |a 632.96 | ||
| 082 | |b K309 | ||
| 088 | |a 60620112 | ||
| 100 | |a Nguyễn, Thị Kiều | ||
| 245 | 0 | |a Khảo sát hoạt tính Enyme peroxidase và phenylalanine ammonia-lyase trong sự kích thích tính kháng bệnh vàng lùn trên cây lúa của clorua đồng và acid oxalic : | |
| 245 | 0 | |b Luận văn Thạc sĩ. Chuyên ngành : Bảo vệ thực vật | |
| 245 | 0 | |c Nguyễn Thị Kiều ; Phạm Văn Kim ; Ngô Thành Trí (Hướng dẫn khoa học) | |
| 260 | |a Cần Thơ | ||
| 260 | |b Trường đại học Cần Thơ | ||
| 260 | |c 2010 | ||
| 520 | |a Đề tài nhằm chứng minh có sự gia tăng hoạt tính của các enzyme peroxidase và phenylalanine ammonia-lyase trong cây lúa đã được kích kháng sau khi bị rầy nâu truyền bệnh vàng lùn. | ||
| 650 | |a Rice,Agricultural pests,Cây lúa,Sâu bệnh nông nghiệp | ||
| 650 | |x Research,Biological control,Nghiên cứu,Kiểm soát sinh học | ||
| 904 | |i Năm | ||
| 980 | |a Trung tâm Học liệu Trường Đại học Cần Thơ | ||